Mencari husnul khatimah : pengakhiran yang baik

Bibliographic Details
Format: Book
Published: Kuala Lumpur : Galeri Ilmu Sdn. Bhd
Series:Pusat Zakat Negeri Sembilan
Subjects:

MARC

LEADER 00000cam a2200000 7i4500
001 0000004089
005 20160419.0
020 0 0 |a 9789830974309 
090 0 0 |a 297.23   |b ASA 
245 0 0 |a Mencari husnul khatimah :   |b pengakhiran yang baik   |c Syed Alwi Alatas 
260 0 0 |a Kuala Lumpur :   |b Galeri Ilmu Sdn. Bhd 
300 |a x,302 pages ;   |c 22 cm. 
440 0 0 |a Pusat Zakat Negeri Sembilan 
650 0 0 |a Death---Religious aspects---Islam 
650 0 0 |a Islamiceschatology 
998 |a JPSM 
999 |a 007929   |b Monograph   |c Open Shelf   |e Default branch